000 00339nam a22001457a 4500
003 OSt
005 20160727222345.0
008 160621b xxu||||| |||| 00| 0 eng d
040 _cTEST
100 _9213
_aKarpenko, M
245 _aKarpenko, M
_bKarpenko, M
260 _aMoscow
_bMalysh
_c1979
300 _aKarpenko, M
942 _2ddc
_cBK
999 _c170
_d170